Рассказы Павлика Помидорова, брата Люси Синицыной (Запись № 956863)

Подробности
000 -МАРКЕР
контрольное поле 01203nam0a2200301 4500
001 - ИДЕНТИФИКАТОР ЗАПИСИ
контрольное поле RU\NLR\bibl\1665608
005 - ИДЕНТИФИКАТОР ВЕРСИИ
контрольное поле 20260406081847.0
010 ## - МЕЖДУНАРОДНЫЙ СТАНДАРТНЫЙ НОМЕР КНИГИ (ISBN)
Номер (ISBN) 978-5-465-01930-9
Тираж 12000
021 ## - НОМЕР ГОСУДАРСТВЕННОЙ РЕГИСТРАЦИИ
Код страны российская федерация
Номер 2010-52240
Номер Листа государственной регистраци 3441
035 ## - ДРУГИЕ СИСТЕМНЫЕ НОМЕРА
Идентификатор записи (NLR Aleph) 001656884
100 ## - ДАННЫЕ ОБЩЕЙ ОБРАБОТКИ
Данные общей обработки 20100819d2010 |||y0rusy50 ca
101 0# - ЯЗЫК РЕСУРСА
Язык текста, звукозаписи и т.д. русский
102 ## - СТРАНА ПУБЛИКАЦИИ ИЛИ ПРОИЗВОДСТВА
Страна публикации российская федерация
105 ## - ПОЛЕ КОДИРОВАННЫХ ДАННЫХ: ТЕКСТОВЫЕ МАТЕРИАЛЫ, МОНОГРАФИЧЕСКИЕ
Кодированные данные о монографическом текстовом документе a |||||||||
200 1# - ЗАГЛАВИЕ И СВЕДЕНИЯ ОБ ОТВЕТСТВЕННОСТИ
Основное заглавие Рассказы Павлика Помидорова, брата Люси Синицыной
Сведения, относящиеся к заглавию [для детей младшего и среднего школьного возраста]
Первые сведения об ответственности И. Пивоварова
Последующие сведения об ответственности худож. З.Н. Ярина
210 ## - ПУБЛИКАЦИЯ, РАСПРОСТРАНЕНИЕ И ДР.
Место издания, распространения и т.д. Москва
Имя издателя, распространителя и т. д. Омега
Дата издания, распространения и т.д. 2010
215 ## - ФИЗИЧЕСКАЯ ХАРАКТЕРИСТИКА
Специфическое обозначение материала и объем 124, [1] с., [7] л. цв. ил.
Другие сведения о физической характеристике цв. ил.
Размеры 21
225 1# - СЕРИЯ
Основное заглавие серии Школьная библиотека
700 #1 - ИМЯ ЛИЦА - ПЕРВИЧНАЯ ОТВЕТСТВЕННОСТЬ
Код отношения Автор
Материалы, к которым относится поле rus
Графика поля Кириллица
Начальный элемент ввода Пивоварова
Часть имени, кроме начального элемента ввода И. М.
Расширение инициалов личного имени Ирина Михайловна
Даты 1939-1986
Идентификатор авторитетной/нормативной записи RU\NLR\auth\7746701
Системный номер авторитетной/нормативной записи 29636
702 #1 - ИМЯ ЛИЦА - ВТОРИЧНАЯ ОТВЕТСТВЕННОСТЬ
Начальный элемент ввода Ярина
Часть имени, кроме начального элемента ввода З. Н.
Расширение инициалов личного имени Зоя Николаевна
Код отношения Карикатурист, Художник
801 #0 - ИСТОЧНИК ЗАПИСИ
Страна российская федерация
Организация NLR
Дата составления 20100819
Правила каталогизации RCR
801 #1 - ИСТОЧНИК ЗАПИСИ
Страна российская федерация
Организация NLR
Дата составления 20100819
830 ## - ОБЩЕЕ ПРИМЕЧАНИЕ, СОСТАВЛЕННОЕ КАТАЛОГИЗАТОРОМ
Текст примечания авт. по кн.
830 ## - ОБЩЕЕ ПРИМЕЧАНИЕ, СОСТАВЛЕННОЕ КАТАЛОГИЗАТОРОМ
Текст примечания худож. по ЭК
942 ## - ДОПОЛНИТЕЛЬНЫЕ ЭЛЕМЕНТЫ ЗАПИСИ (АБИС)
Тип экземпляра АБИС Книга
980 ## - КОЛЛЕКЦИЯ
Название коллекции Национальная библиография
Экземпляры
Тип экземпляра Дата поступления Источник поступления Библиотека постоянного хранения Библиотека текущего хранения Место хранения Шифр хранения Штрих-код Статус не для выдачи Стоимость
Книга 19.08.2010 Обязательный экземпляр РНБ (Московский) РНБ (Московский) Русский книжный фонд: издания с 1957 года, 8этаж 2010-3/27645 3232272    
Книга 19.08.2010 Обязательный экземпляр РНБ (Московский) РНБ (Московский) Обменный фонд   3232273    
Книга 24.01.2014 Обязательный экземпляр РНБ (Московский) РНБ (Московский) Обменный фонд   1-70684   60.00
Книга 24.01.2014 Обязательный экземпляр РНБ (Московский) РНБ (Московский) Обменный фонд   1-70683   55.00